Statystyki dla Wsie i Miasta powiatu Czarnkowsko-Trzcianeckiego

Kliknij tutaj aby rozwiązać quiz!

Ogólne statystyki

  • Ten quiz został rozwiązany 27 razy
  • Średni wynik to 29 z 117

Statystyki odpowiedzi

LudnośćGminaMiasto% Poprawnych
16 924TrzciankaTrzcianka
100%
10 607Czarnków MiastoCzarnków
95%
6 201Krzyż WielkopolskiKrzyż Wielkopolski
95%
6 000WieleńWieleń
86%
1 640DrawskoDrawsko
81%
2 237PołajewoPołajewo
81%
2 861LubaszLubasz
76%
1 021TrzciankaBiała
52%
254WieleńBiała
52%
551CzarnkówHuta
48%
994CzarnkówKuźnica Czarnkowska
43%
1 000TrzciankaSiedlisko
43%
960DrawskoDrawski Młyn
38%
925CzarnkówJędrzejewo
38%
900LubaszJędrzejewo
38%
869WieleńMiały
38%
405TrzciankaRadolin
38%
273CzarnkówSarbia
38%
190TrzciankaSarcz
38%
1 126CzarnkówŚmieszkowo
38%
401CzarnkówBukowiec
33%
500LubaszKrucz
33%
140CzarnkówPianówka
33%
1 271WieleńRosko
33%
298CzarnkówSarbka
33%
200TrzciankaStraduń
33%
142TrzciankaTeresin
33%
458CzarnkówZofiowo
33%
810CzarnkówBrzeźno
29%
300CzarnkówCiszkowo
29%
413CzarnkówGajewo
29%
986CzarnkówGębice
29%
146WieleńHamrzysko
29%
430Krzyż WielkopolskiŁokacz Mały
29%
1 006DrawskoPęckowo
29%
50Krzyż WielkopolskiPrzesieki
29%
168CzarnkówRadosiew
29%
882CzarnkówRomanowo Dolne
29%
451CzarnkówRomanowo Górne
29%
130TrzciankaSmolarnia
29%
540TrzciankaStobno
29%
322LubaszGoraj
24%
600WieleńGulcz
24%
288CzarnkówKomorzewo
24%
230Krzyż WielkopolskiKuźnica Żelichowska
24%
286Krzyż WielkopolskiŁokacz Wielki
24%
130WieleńMężyk
24%
370TrzciankaNowa Wieś
24%
510DrawskoPiłka
24%
310LubaszSławno
24%
191TrzciankaBiernatowo
19%
622PołajewoBoruszyn
19%
539DrawskoChełst
19%
609LubaszDębe
19%
530WieleńDzierżążno Wielkie
19%
308WieleńFolsztyn
19%
107CzarnkówGrzępy
19%
177WieleńHerburtowo
19%
107LubaszKlempicz
19%
594PołajewoKrosin
19%
201PołajewoKrosinek
19%
110LubaszKruteczek
19%
264Krzyż WielkopolskiLubcz Wielki
19%
92DrawskoMarylin
19%
809PołajewoMłynkowo
19%
387TrzciankaNiekursko
19%
185LubaszPrusinowo
19%
169CzarnkówRadolinek
19%
68TrzciankaRudka
19%
211LubaszSokołowo
19%
515LubaszStajkowo
19%
569WieleńWrzeszczyna
19%
255Krzyż WielkopolskiŻelichowo
19%
150LubaszAntoniewo
14%
141CzarnkówBiałężyn
14%
59Krzyż WielkopolskiBielice Nowe
14%
120LubaszBzowo
14%
121CzarnkówGębiczyn
14%
137TrzciankaGórnica
14%
312LubaszKamionka
14%
329DrawskoKawczyn
14%
172Krzyż WielkopolskiLubcz Mały
14%
254CzarnkówMarunowo
14%
297CzarnkówMikołajewo
14%
425LubaszMiłkowo
14%
380WieleńNowe Dwory
14%
151LubaszNowina
14%
304TrzciankaPrzyłęki
14%
375TrzciankaRunowo
14%
367TrzciankaRychlik
14%
587PołajewoTarnówko
14%
331CzarnkówWalkowice
14%
95TrzciankaWapniarnia Pierwsza
14%
187TrzciankaWapniarnia Trzecia
14%
200WieleńZielonowo
14%
290WieleńDębogóra
10%
103WieleńDzierżążno Małe
10%
365Krzyż WielkopolskiHuta Szklana
10%
96WieleńKałądek
10%
253DrawskoKamiennik
10%
201WieleńKocień Wielki
10%
115DrawskoKwiejce
10%
300TrzciankaŁomnica
10%
651TrzciankaOsiniec
10%
374PołajewoPrzybychowo
10%
320PołajewoSierakówko
10%
169CzarnkówŚrednica
10%
164Krzyż WielkopolskiWizany
10%
135WieleńGieczynek
5%
91WieleńKuźniczka
5%
91DrawskoKwiejce Nowe
5%
141WieleńMarianowo
5%
157DrawskoMoczydła
5%
110DrawskoPełcza
5%
220TrzciankaPokrzywno
5%
170Krzyż WielkopolskiBrzegi
0%
309TrzciankaKępa
0%

Rozkład punktacji

Percentyl według liczby udzielonych odpowiedzi

Procent ludzi z każdym wynikiem

Twoja historia wyników

Nie rozwiązałeś tego quizu